| 000 | 00966nam a2200253Ia 4500 | ||
|---|---|---|---|
| 003 | OSt | ||
| 005 | 20221002050158.0 | ||
| 006 | a|||||r|||| 00| 0 | ||
| 007 | ta | ||
| 008 | 220930b |||||||| |||| 00| 0 hin d | ||
| 020 |
_a9788188790487 _c2500 |
||
| 024 | _a120901 | ||
| 037 |
_b13338, 23/07/2012, Kitab Ghar _cReference Collections |
||
| 040 |
_aCRL _cCRL _bhin |
||
| 041 |
_2hin _ahin |
||
| 082 | _aO152,1I00:g, Q1.1-.2(RR) | ||
| 100 | _aशर्मा, सरनाम | ||
| 245 | 0 |
_aकबीर _b व्यक्तित्व, कृतित्व एंव सिद्धान्त भाग |
|
| 260 |
_aदिल्ली _b कल्पना प्रकाशन _c2011 |
||
| 490 | _vभाग 1 | ||
| 650 | _aहिन्दी साहित्य | ||
| 942 |
_hO152,1I00:g, Q1.1-.2(RR) _cref _2CC |
||
| 999 |
_c914046 _d914046 |
||